000 01032nam a2200277 i 4500
001 10242
003 ES-MaACL
005 20250904063038.0
007 t|
008 950324s1992 sp ||||1| spa d
020 _a84-87111-28-9
080 _a598.2(821.21)
080 _a598.2(892)
100 1 _aAzara, Félix de,
_d1742-1821
_924234
245 1 0 _aApuntamiento para la historia natural de los páxaros del Paraguay y del Rio de la Plata /
_cFélix de Azara ; edición de Joaquín Fernández Pérez.
260 _aMadrid :
_bComisión Interministerial de Ciencia y Tecnología ;
_aAranjuez :
_bDoce Calles,
_cD.L. 1992.
300 _a619 p. :
_bil. ;
_c32 cm.
500 _aIndices.
504 _aBibliografía: p. [565]-569.
650 1 4 _aAves-
_zParaguay.
_910444
650 1 4 _aAves-
_zRío de la Plata.
_910446
700 1 _aFernández Pérez, Joaquín.
_949994
710 2 _aComisión Interministerial de Ciencia y Tecnología.
_93047
852 _aES-MaACL
_jL-17664
_bR.123668
999 _c10242
_d10242